[Event "World Youth U16 Olympiad"]
[Site "Gyor HUN"]
[Date "2014.12.19"]
[Round "8.21"]
[Board "1"]
[White "Koehn, Lennart"]
[Black "Naotunna, Dineth Nimnaka"]
[Result "1-0"]
[WhiteElo "1846"]
[BlackElo "1947"]
[WhiteTeam "Scotland"]
[BlackTeam "Sri Lanka"]
[WhiteFideId "12938041"]
[BlackFideId "9919228"]
[EventDate "2014.12.13"]
[EventType "team"]

1. e4 d5 2. exd5 Qxd5 3. Nc3 Qd8 4. d4 e6 5. Bc4 c6 6. Nge2 Nf6 7. O-O Bd6 8. a4
b6 9. Bf4 O-O 10. Qd2 Bb7 11. Rad1 a6 12. Rfe1 b5 13. Bd3 Bb4 14. Bg5 Nbd7 15.
Qf4 Be7 16. Ne4 Re8 17. Nd6 Bxd6 18. Qxd6 Qb8 19. Qxb8 Raxb8 20. axb5 axb5 21.
Ra1 Ra8 22. Ng3 h6 23. Bd2 Nb6 24. b3 Rxa1 25. Rxa1 Ra8 26. Rxa8+ Bxa8 27. Ne4
Nxe4 28. Bxe4 Bb7 29. Ba5 Nd5 30. g3 b4 31. Bxd5 cxd5 32. Kf1 f6 33. Ke2 Kf7 34.
Bxb4 Ba6+ 35. Kd2 g6 36. Bd6 h5 37. Kc3 Ke8 38. Kb4 Kd7 39. Kc5 Be2 40. b4 Bc4
41. Bf4 Be2 42. Kb6 Bc4 43. b5 Be2 44. Kc5 Bc4 45. b6 Ba6 46. Bh6 Bb7 47. Bg7 f5
48. h4 Ba6 49. Be5 Bb7 50. Kb4 Kc6 51. Bc7 Ba6 52. Ka5 Bc4 53. Kb4 Ba6 54. Kc3
Kd7 55. Kd2 Ke7 56. Ke3 Kf6 57. Kf4 Bb7 58. Bd8+ Kf7 59. Ke5 Ke8 60. Bg5 Kd7 61.
Kf6 Kc6 62. Kxg6 Kxb6 63. Kxh5 Bc6 64. Kg6 Kc7 65. Kf6 Kd6 66. Bf4+ Kd7 67. h5
e5 68. Bxe5 Ba4 69. h6 1-0

[Event "World Youth U16 Olympiad"]
[Site "Gyor HUN"]
[Date "2014.12.19"]
[Round "8.21"]
[Board "3"]
[White "Gray, Euan"]
[Black "Doluweera, Minul Sanjula"]
[Result "0-1"]
[BlackTitle "CM"]
[WhiteElo "1625"]
[BlackElo "2031"]
[WhiteTeam "Scotland"]
[BlackTeam "Sri Lanka"]
[WhiteFideId "2405180"]
[BlackFideId "9910760"]
[EventDate "2014.12.13"]
[EventType "team"]

1. d4 Nf6 2. c4 e6 3. Nc3 d5 4. cxd5 exd5 5. Bg5 Bb4 6. e3 h6 7. Bh4 c5 8. dxc5
Nc6 9. Nf3 g5 10. Bg3 Bxc3+ 11. bxc3 Qa5 12. Qb3 Qxc5 13. Bd3 O-O 14. O-O Ne4
15. Rac1 Bg4 16. Rfd1 Nxg3 17. hxg3 b6 18. Bb5 Rfd8 19. Bxc6 Qxc6 20. Rd2 Bxf3
21. gxf3 Rac8 22. Rd3 Rd6 23. Rcd1 Rcd8 24. Qb4 Qc5 25. Kf1 Kg7 26. Qd4+ Qxd4
27. Rxd4 Kf6 28. Ke2 Ke5 29. f4+ Ke6 30. Kf3 Rc8 31. R4d3 f5 32. Rh1 g4+ 33. Ke2
Kf7 34. f3 gxf3+ 35. Kxf3 Rg8 36. Rhd1 Rdg6 37. Rxd5 Rxg3+ 38. Ke2 Rg2+ 39. Kd3
Rxa2 40. Rxf5+ Kg6 41. Rg1+ Kxf5 42. Rxg8 Ra5 43. c4 h5 44. Rg5+ Kf6 45. Rg3 h4
46. Rh3 Rh5 47. e4 a5 48. Kc3 Ke6 49. Kd4 Rh8 50. Kc3 Kf6 51. Kd4 Kg6 52. Kd5 a4
53. Kc6 Kh5 54. f5 Kg4 55. Rh1 Kg5 56. Kxb6 a3 57. c5 a2 58. c6 Rb8+ 59. Kc5 Rb1
60. Rxb1 axb1=Q 0-1

[Event "World Youth U16 Olympiad"]
[Site "Gyor HUN"]
[Date "2014.12.19"]
[Round "8.21"]
[Board "4"]
[White "Mendis, Dasuni Hansika"]
[Black "Milton, Anna"]
[Result "1-0"]
[WhiteElo "1688"]
[BlackElo "1547"]
[WhiteTeam "Sri Lanka"]
[BlackTeam "Scotland"]
[WhiteFideId "9907696"]
[BlackFideId "2404419"]
[EventDate "2014.12.13"]
[EventType "team"]

1. e4 c5 2. Nf3 e6 3. d4 cxd4 4. Nxd4 Nf6 5. Nc3 d6 6. g4 h6 7. h3 Be7 8. Be3 a6
9. Qe2 Qc7 10. O-O-O Nc6 11. f4 b5 12. Nxc6 Qxc6 13. e5 Bb7 14. exf6 Qxh1 15.
fxe7 Kxe7 16. Qd2 Rhd8 17. Bb6 Rd7 18. Bxb5 Qg2 19. Bxd7 Qxd2+ 20. Rxd2 Kxd7 21.
Bd4 f6 22. Bc5 d5 23. f5 Re8 24. fxe6+ Kxe6 25. Re2+ Kf7 26. Rxe8 Kxe8 27. Bd4
Ke7 28. Kd2 Bc6 29. Ne2 Be8 30. Ng3 g6 31. Kc3 Ke6 32. Ne2 f5 33. Nf4+ Kd6 34.
gxf5 gxf5 35. Bg7 h5 36. Kd4 Bf7 37. b3 a5 38. a4 h4 39. Bf6 Be6 40. Bxh4 1-0

[Event "World Youth U16 Olympiad"]
[Site "Gyor HUN"]
[Date "2014.12.19"]
[Round "8.22"]
[Board "1"]
[White "Egyed, Viktoria"]
[Black "Conradie, Andre"]
[Result "1/2-1/2"]
[WhiteElo "1990"]
[BlackElo "1760"]
[WhiteTeam "Hungary (Girls)"]
[BlackTeam "South Africa 2"]
[WhiteFideId "741450"]
[BlackFideId "14304570"]
[EventDate "2014.12.13"]
[EventType "team"]

1. e4 c6 2. d4 d5 3. Nd2 dxe4 4. Nxe4 Nd7 5. Bc4 Ngf6 6. Ng5 e6 7. N1f3 h6 8.
Nh3 Nb6 9. Bb3 c5 10. O-O cxd4 11. Nxd4 Bc5 12. Nb5 O-O 13. Qf3 Bd7 14. Rd1 Qe7
15. Nd4 Rab8 16. c3 Nbd5 17. Re1 Bxd4 18. cxd4 Qb4 19. Rd1 Ba4 20. Bd2 Qb5 21.
Bxa4 Qxa4 22. b3 Qc6 23. Rac1 Qd6 24. Nf4 Rbc8 25. h3 Rfd8 26. Nd3 Nd7 27. b4 b6
28. a3 Qe7 29. Ne5 Nxe5 30. dxe5 Qd7 1/2-1/2

[Event "World Youth U16 Olympiad"]
[Site "Gyor HUN"]
[Date "2014.12.19"]
[Round "8.22"]
[Board "2"]
[White "Gluckman, Paul"]
[Black "Simon, Lili"]
[Result "1-0"]
[WhiteTitle "FM"]
[WhiteElo "1696"]
[BlackElo "1901"]
[WhiteTeam "South Africa 2"]
[BlackTeam "Hungary (Girls)"]
[WhiteFideId "14309513"]
[BlackFideId "712159"]
[EventDate "2014.12.13"]
[EventType "team"]

1. e4 e5 2. Nf3 Nc6 3. Bc4 Bc5 4. O-O Nf6 5. d3 a6 6. a4 O-O 7. c3 Ba7 8. Nbd2
d6 9. h3 Ne7 10. Re1 Ng6 11. Nf1 c6 12. Bb3 h6 13. Ng3 Qc7 14. Qe2 Be6 15. Bc2
Rfe8 16. d4 c5 17. Be3 Rac8 18. Rac1 Bd7 19. Qd2 b5 20. Nf5 Bxf5 21. exf5 Nf8
22. Bxh6 gxh6 23. Qxh6 N8d7 24. g4 Qd8 25. g5 Qe7 26. gxf6 Qxf6 27. Qxf6 Nxf6
28. dxe5 dxe5 29. axb5 axb5 30. Rxe5 Rxe5 31. Nxe5 Bb6 32. Rd1 Re8 33. Nd7 Nxd7
34. Rxd7 Bd8 35. Kf1 c4 36. Rb7 Re5 37. Rb8 Rd5 38. Be4 Rd6 39. Rxb5 Bh4 40. Bd5
Kg7 41. Bxc4 Rd2 42. Be2 Rc2 43. c4 Bf6 44. b3 Rc3 45. Bg4 Rc1+ 46. Kg2 Rc2 47.
Kg3 Bd4 48. f3 Kf6 49. Ra5 Be5+ 50. Kh4 Rd2 51. Ra6+ Kg7 52. b4 Rd4 53. Rc6 Rd8
54. b5 Rh8+ 55. Bh5 Rd8 56. b6 Rd7 57. c5 Rd2 58. b7 Rg2 59. Bg4 Rd2 60. Kh5 Rd8
61. f6+ Bxf6 62. Rxf6 Kxf6 63. Bc8 Rd5+ 64. Kg4 Rd4+ 65. Kg3 1-0

[Event "World Youth U16 Olympiad"]
[Site "Gyor HUN"]
[Date "2014.12.19"]
[Round "8.22"]
[Board "3"]
[White "Egyed, Judit"]
[Black "Van Der Lingen, Cornelis Petrus"]
[Result "1-0"]
[WhiteElo "1914"]
[BlackElo "1712"]
[WhiteTeam "Hungary (Girls)"]
[BlackTeam "South Africa 2"]
[WhiteFideId "703664"]
[BlackFideId "14306620"]
[EventDate "2014.12.13"]
[EventType "team"]

1. e4 e5 2. Nf3 Nc6 3. d4 exd4 4. Nxd4 Bc5 5. Nxc6 Qf6 6. Qd2 Qxc6 7. Bd3 Nf6 8.
O-O O-O 9. Nc3 b6 10. Kh1 Bb7 11. f4 d5 12. exd5 Qd6 13. Ne4 Nxe4 14. Bxe4 Rae8
15. Qd3 g6 16. Bf3 Re7 17. c4 Rfe8 18. Bd2 Bc8 19. g3 Bf5 20. Qc3 a5 21. a3 Be4
22. b4 f5 23. bxc5 Qxc5 24. Bxe4 Rxe4 25. Rae1 R8e7 26. Rxe4 Rxe4 27. Re1 Qf2
28. Be3 Qf3+ 29. Kg1 h5 30. Bd2 Qxc3 31. Bxc3 Rxc4 32. Be5 Rc5 33. Rd1 b5 34. d6
cxd6 35. Rxd6 Rc1+ 36. Kg2 Rc2+ 37. Kh3 Ra2 38. Rxg6+ Kh7 39. Rb6 Rxa3 40. Rxb5
Ra2 41. Bc3 a4 42. Rxf5 Kg6 43. Rf6+ Kh7 44. Ra6 Rc2 45. Be5 Ra2 46. f5 h4 47.
Ra7+ Kg8 48. f6 Rd2 49. Rxa4 hxg3 50. hxg3 Re2 51. Bd6 Kf7 52. Be7 Re1 53. Kh4
Re2 54. g4 Re1 55. Ra3 Kg6 56. Rf3 Kf7 57. Kg5 Re2 58. Kf5 Ra2 59. g5 Ra5+ 60.
Kg4 Ra4+ 61. Kh5 Ra5 62. Kh6 Ra1 63. g6+ Ke6 64. f7 Rh1+ 65. Kg7 Re1 66. f8=Q
Re5 67. Qf6+ Kd5 68. Qd6+ Kc4 69. Qb4+ Kd5 70. Rd3+ Ke6 71. Qd6+ Kf5 72. Qf6+
Ke4 73. Qf3# 1-0

[Event "World Youth U16 Olympiad"]
[Site "Gyor HUN"]
[Date "2014.12.19"]
[Round "8.22"]
[Board "4"]
[White "Marx, Inge"]
[Black "Kovacs, Judit"]
[Result "0-1"]
[WhiteElo "1524"]
[BlackElo "1849"]
[WhiteTeam "South Africa 2"]
[BlackTeam "Hungary (Girls)"]
[WhiteFideId "14306271"]
[BlackFideId "769215"]
[EventDate "2014.12.13"]
[EventType "team"]

1. e4 c5 2. Nc3 e6 3. f4 d5 4. Nf3 dxe4 5. Nxe4 a6 6. b3 Nf6 7. Nf2 Bd6 8. g3 b6
9. Bg2 Bb7 10. Bb2 Nbd7 11. O-O Qc7 12. c4 O-O 13. Qc2 Rfe8 14. Rae1 e5 15. fxe5
Nxe5 16. Nd3 Ned7 17. Rf2 Rxe1+ 18. Ndxe1 Re8 19. d4 cxd4 20. Bxd4 Bc5 21. Bxc5
Qxc5 22. Nd3 Qe3 23. Kf1 Be4 24. Nfe1 Bxd3+ 25. Nxd3 Ng4 26. Qe2 Nxf2 27. Qxe3
Rxe3 28. Nxf2 Kf8 29. Bd5 Nf6 30. Bb7 a5 31. Nd1 Re5 32. h3 Ke7 33. g4 h6 34.
Kf2 Kd6 35. Nc3 h5 36. Bf3 hxg4 37. hxg4 Kc5 38. Na4+ Kb4 39. Nxb6 Ka3 40. Bd1
Kxa2 41. Na4 Nd7 42. Nc3+ Ka3 43. Nb5+ Kb4 44. Nd6 Re6 45. Nf5 g6 46. Nd4 Rd6
47. Ke3 Kc5 48. b4+ axb4 49. Nb3+ Kxc4 50. Nd2+ Kb5 51. Be2+ Kc6 52. Bf3+ Kc7
53. Nc4 Ra6 54. Bd5 f6 55. Be4 Ne5 56. Nxe5 fxe5 57. Kd2 Kd6 58. Bxg6 Kc5 59.
Bb1 Kd4 60. g5 e4 61. Ke2 Rg6 62. Kd2 Rxg5 0-1

[Event "World Youth U16 Olympiad"]
[Site "Gyor HUN"]
[Date "2014.12.19"]
[Round "8.23"]
[Board "1"]
[White "Lee, Jun Hyeok"]
[Black "Rebaz, Nasir Jamal"]
[Result "1-0"]
[WhiteTitle "FM"]
[WhiteElo "2022"]
[BlackElo "1719"]
[WhiteTeam "South Korea 1"]
[BlackTeam "Iraq"]
[WhiteFideId "13202340"]
[BlackFideId "4808649"]
[EventDate "2014.12.13"]
[EventType "team"]

1. c4 e6 2. d4 c5 3. Nf3 d5 4. cxd5 exd5 5. g3 c4 6. Bg2 Nf6 7. O-O Bd6 8. Nc3
h6 9. Ne5 Bb4 10. Qa4+ Nc6 11. Nxc6 bxc6 12. Qxb4 Bf5 13. Re1 Qb6 14. Qxb6 axb6
15. e4 dxe4 16. Nxe4 Kd7 17. Nxf6+ gxf6 18. d5 c5 19. Bf4 h5 20. d6 Rae8 21. Bb7 1-0

[Event "World Youth U16 Olympiad"]
[Site "Gyor HUN"]
[Date "2014.12.19"]
[Round "8.23"]
[Board "2"]
[White "Rabeea, Sabah Nori"]
[Black "Kwon, Sehyun"]
[Result "0-1"]
[WhiteTitle "FM"]
[WhiteElo "1944"]
[BlackElo "1947"]
[WhiteTeam "Iraq"]
[BlackTeam "South Korea 1"]
[WhiteFideId "4806212"]
[BlackFideId "13203088"]
[EventDate "2014.12.13"]
[EventType "team"]

1. d4 Nf6 2. c4 g6 3. Nc3 d5 4. e3 Bg7 5. Nf3 O-O 6. Bd3 c5 7. dxc5 dxc4 8. Bxc4
Qa5 9. O-O Qxc5 10. Qb3 Nc6 11. Qb5 Qd6 12. Rd1 Qc7 13. e4 a6 14. Qc5 b6 15. Qe3
Bg4 16. e5 Bxf3 17. exf6 Bxd1 18. fxg7 Rfd8 19. Nd5 Qe5 20. Qxe5 Nxe5 21. Nxe7+
Kxg7 22. Bd5 Ra7 23. Nc6 Nxc6 24. Bxc6 Rc7 25. Be4 f5 26. Bf3 Bxf3 27. gxf3 Rd1+ 0-1

[Event "World Youth U16 Olympiad"]
[Site "Gyor HUN"]
[Date "2014.12.19"]
[Round "8.23"]
[Board "3"]
[White "Nam, Ju Won"]
[Black "Noori, Sabah Nori"]
[Result "0-1"]
[WhiteElo "1435"]
[BlackElo "1891"]
[WhiteTeam "South Korea 1"]
[BlackTeam "Iraq"]
[WhiteFideId "13203240"]
[BlackFideId "4806620"]
[EventDate "2014.12.13"]
[EventType "team"]

1. e4 e5 2. Nf3 Nc6 3. Nc3 Bc5 4. Nxe5 Nxe5 5. d4 Bd6 6. dxe5 Bxe5 7. Bd3 Ne7 8.
O-O O-O 9. Bd2 b6 10. Qe2 Bb7 11. f4 Bd4+ 12. Be3 Bxc3 13. bxc3 d5 14. Qf3 c5
15. exd5 Qxd5 16. Qxd5 Nxd5 17. Bd2 Rfe8 18. Rfe1 Rad8 19. Bb5 Rxe1+ 20. Rxe1
Kf8 21. Bd3 b5 22. Be4 f5 23. Bxd5 Bxd5 24. Be3 Rc8 25. a3 Be4 26. Re2 a5 27. h3
b4 28. cxb4 axb4 29. axb4 cxb4 30. Kf2 Bxc2 31. Bd4 b3 32. Re5 Rc4 33. Bb2 Rxf4+
34. Ke3 Rf1 35. Rb5 Re1+ 36. Kf2 Rd1 37. Rb8+ Kf7 38. Rb7+ Ke6 39. Bxg7 Rd2+ 40.
Kf1 Bd3+ 41. Kg1 Be4 42. Rb6+ Kd5 43. Bf6 Rxg2+ 44. Kf1 Rg3 45. Bb2 Rxh3 46. Bh8
h5 47. Kf2 Rf3+ 48. Kg1 h4 49. Kh2 Kc5 50. Rb8 Kc4 51. Bf6 h3 52. Rh8 Rf2+ 53.
Kg3 Rg2+ 54. Kxh3 b2 0-1

[Event "World Youth U16 Olympiad"]
[Site "Gyor HUN"]
[Date "2014.12.19"]
[Round "8.23"]
[Board "4"]
[White "Nabaa Sami, Abbas"]
[Black "Choi, Hyunhyo"]
[Result "1/2-1/2"]
[WhiteElo "1549"]
[BlackElo "1399"]
[WhiteTeam "Iraq"]
[BlackTeam "South Korea 1"]
[WhiteFideId "4806255"]
[BlackFideId "13203185"]
[EventDate "2014.12.13"]
[EventType "team"]

1. d4 d5 2. Nf3 Nf6 3. e3 e6 4. c4 c6 5. Nc3 Nbd7 6. Bd3 dxc4 7. Bxc4 b5 8. Bd3
a6 9. O-O c5 10. b3 Bb7 11. dxc5 Nxc5 12. Be2 Be7 13. Bb2 O-O 14. Rc1 Rc8 15.
Qxd8 Rfxd8 16. Rfd1 Bxf3 17. gxf3 b4 18. Nb1 Rxd1+ 19. Rxd1 Nd5 20. Bd4 a5 21.
Bc4 Nb6 22. Nd2 a4 23. Bxc5 Bxc5 24. bxa4 Nxa4 25. Bb3 Nc3 26. Re1 Ra8 27. Ne4
Nxe4 28. fxe4 Rd8 29. Rc1 Bf8 30. Rc7 Rd3 31. Kg2 h6 32. Rc8 h5 33. h4 g6 34.
Kg3 Kg7 35. Kf3 Rd2 36. Rc7 Kg8 37. Rb7 Rb2 38. Rb8 Kg7 39. e5 Rb1 1/2-1/2

[Event "World Youth U16 Olympiad"]
[Site "Gyor HUN"]
[Date "2014.12.19"]
[Round "8.24"]
[Board "1"]
[White "Giczi, Alexandra Laura"]
[Black "Loay, Sameer"]
[Result "0-1"]
[WhiteElo "1424"]
[BlackElo "1802"]
[WhiteTeam "Transdanubium 3"]
[BlackTeam "Jordan"]
[WhiteFideId "763780"]
[BlackFideId "8104239"]
[EventDate "2014.12.13"]
[EventType "team"]

1. e4 d6 2. d4 g6 3. Nc3 Bg7 4. Be3 Nf6 5. f3 O-O 6. Qd2 e5 7. d5 Nbd7 8. Bh6
Nxe4 9. Nxe4 Qh4+ 10. Nf2 Bxh6 11. Qc3 Nb6 12. g3 Qe7 13. Qd3 f5 14. Be2 Bd7 15.
h4 e4 16. fxe4 fxe4 17. Qxe4 Qxe4 18. Nxe4 Rae8 19. Bf3 Bf5 20. h5 Bxe4 21. Kf2
Bxf3 22. Nxf3 Re3 23. hxg6 Rexf3+ 24. Kg2 Rf2+ 25. Kg1 Kg7 26. gxh7 Kxh7 27. Re1
Nxd5 28. g4 Kg7 29. Rh3 R8f3 30. Rxf3 Rxf3 31. Kg2 Re3 32. Rf1 Re2+ 33. Kh3 Nf4+
34. Kh4 Rh2+ 35. Kg3 Rg2+ 36. Kf3 Rxc2 37. Ke4 Re2+ 0-1

[Event "World Youth U16 Olympiad"]
[Site "Gyor HUN"]
[Date "2014.12.19"]
[Round "8.24"]
[Board "2"]
[White "Al-Bashayra, Yazan"]
[Black "Pal, Istvan"]
[Result "0-1"]
[WhiteElo "1780"]
[BlackElo "1406"]
[WhiteTeam "Jordan"]
[BlackTeam "Transdanubium 3"]
[WhiteFideId "8103879"]
[BlackFideId "765090"]
[EventDate "2014.12.13"]
[EventType "team"]

1. e4 c5 2. Nf3 Nc6 3. d4 cxd4 4. Nxd4 Nf6 5. Nc3 d6 6. f3 e5 7. Nb3 Be6 8. Be3
d5 9. exd5 Nxd5 10. Nxd5 Qxd5 11. Qxd5 Bxd5 12. O-O-O O-O-O 13. Bb5 a6 14. Bb6
axb5 15. Bxd8 Bxb3 16. axb3 Nxd8 17. Rd5 Nc6 18. Rxb5 Be7 19. c3 Rd8 20. h4 h5
21. Kc2 Kc7 22. g3 b6 23. Rf1 f6 24. f4 Na7 25. c4 Nxb5 26. cxb5 exf4 27. Rxf4
Rd5 28. Re4 Bd6 0-1

[Event "World Youth U16 Olympiad"]
[Site "Gyor HUN"]
[Date "2014.12.19"]
[Round "8.24"]
[Board "3"]
[White "Gaal, Zsoka"]
[Black "Saif, Malek"]
[Result "0-1"]
[WhiteElo "1319"]
[BlackElo "1782"]
[WhiteTeam "Transdanubium 3"]
[BlackTeam "Jordan"]
[WhiteFideId "777765"]
[BlackFideId "8104220"]
[EventDate "2014.12.13"]
[EventType "team"]

1. Nf3 d5 2. d4 Nf6 3. g3 Bf5 4. Bg2 e6 5. O-O c5 6. Nc3 Nc6 7. Be3 c4 8. h3 a6
9. Nh4 Bg6 10. Nxg6 hxg6 11. Bg5 Be7 12. e3 O-O 13. Qe2 b5 14. a3 Qb6 15. Rad1
Rad8 16. h4 b4 17. axb4 Qxb4 18. Rb1 a5 19. Qd2 Rfe8 20. b3 Rc8 21. bxc4 Qxc4
22. Rfc1 Nxd4 23. exd4 Qxc3 24. Qd1 a4 25. Bf1 Ba3 26. Bb5 Bxc1 27. Bxe8 Bxg5
28. hxg5 Nxe8 29. Rc1 a3 30. Qe2 Qxd4 31. Qa6 Qc3 0-1

[Event "World Youth U16 Olympiad"]
[Site "Gyor HUN"]
[Date "2014.12.19"]
[Round "8.24"]
[Board "4"]
[White "Thaer, Abu Alhaija"]
[Black "Lendvai, Oliver"]
[Result "1/2-1/2"]
[WhiteElo "1487"]
[BlackElo "1248"]
[WhiteTeam "Jordan"]
[BlackTeam "Transdanubium 3"]
[WhiteFideId "8106215"]
[BlackFideId "768758"]
[EventDate "2014.12.13"]
[EventType "team"]

1. e4 c5 2. Nf3 Nc6 3. Bb5 a6 4. Bxc6 bxc6 5. d3 d6 6. O-O g6 7. Nc3 Bg7 8. Bf4
e5 9. Bg5 Ne7 10. h3 O-O 11. Qc1 Re8 12. Re1 Qc7 13. Bh6 Bh8 14. Be3 Be6 15. a3
a5 16. Ng5 Qd7 17. Na4 Rab8 18. Qd2 Bg7 19. Nxe6 Qxe6 20. f3 Qd7 21. b3 Qc7 22.
Rab1 Rb7 23. f4 Reb8 24. g3 Qd7 25. Kh2 Qc7 26. Red1 Nc8 27. fxe5 Bxe5 28. Bf4
Bg7 29. Nxc5 Rb6 30. Qxa5 Qe7 31. Qd2 dxc5 32. Bxb8 Rxb8 33. a4 Nd6 34. c3 Qe6
35. b4 cxb4 36. cxb4 Rd8 37. Qc2 Qd7 38. d4 Rb8 39. d5 cxd5 40. Rxd5 Qe6 41.
Rbd1 Rc8 42. Qd3 Be5 43. Rxe5 Qxe5 44. Qxd6 Qxe4 45. Rd2 1/2-1/2

[Event "World Youth U16 Olympiad"]
[Site "Gyor HUN"]
[Date "2014.12.19"]
[Round "8.25"]
[Board "1"]
[White "Koo, Inmo"]
[Black "Csuta, Akos Koppany"]
[Result "0-1"]
[WhiteElo "1846"]
[BlackElo "2027"]
[WhiteTeam "South Korea 2"]
[BlackTeam "Györ (Hungary)"]
[WhiteFideId "13202863"]
[BlackFideId "760390"]
[EventDate "2014.12.13"]
[EventType "team"]

1. e4 c5 2. Nf3 g6 3. d4 cxd4 4. Nxd4 Nc6 5. Nxc6 dxc6 6. Qxd8+ Kxd8 7. Nc3 e5
8. Bd2 Be6 9. O-O-O Kc7 10. Bg5 h5 11. Be2 Bc5 12. f3 f6 13. Bd2 Rh7 14. f4 Bd4
15. fxe5 Bxe5 16. a3 Nh6 17. h3 Nf7 18. Rhf1 g5 19. Na4 Nd6 20. Bd3 Nc4 21. Bc3
Bf4+ 22. Kb1 Ne3 23. Nc5 Re8 24. e5 f5 25. Nxe6+ Rxe6 26. Rde1 Rhe7 27. Rg1 Nd5
28. Bxf5 Nxc3+ 29. bxc3 Rxe5 30. Rxe5 Rxe5 31. Bd3 Ra5 32. g3 Be5 33. Kb2 Rc5
34. Kb3 Rxc3+ 35. Kb4 c5+ 36. Ka4 a6 37. Rb1 b5+ 38. Bxb5 axb5+ 39. Rxb5 Kc6 0-1

[Event "World Youth U16 Olympiad"]
[Site "Gyor HUN"]
[Date "2014.12.19"]
[Round "8.25"]
[Board "2"]
[White "Nagy, Istvan Miklos"]
[Black "Huh, Maximilian Romeo Eunhong"]
[Result "1-0"]
[WhiteElo "1730"]
[BlackElo "1231"]
[WhiteTeam "Györ (Hungary)"]
[BlackTeam "South Korea 2"]
[WhiteFideId "760471"]
[BlackFideId "13203193"]
[EventDate "2014.12.13"]
[EventType "team"]

1. e4 e5 2. Nf3 Nc6 3. Bc4 Bc5 4. Nc3 Nf6 5. d3 d6 6. h3 h6 7. O-O O-O 8. Be3
Bb6 9. Qd2 Bxe3 10. fxe3 Na5 11. Bb3 Nxb3 12. axb3 c6 13. d4 exd4 14. exd4 Re8
15. Rfe1 d5 16. exd5 Rxe1+ 17. Rxe1 cxd5 18. Ne5 Be6 19. Na4 b6 20. Nc3 Rc8 21.
Nb5 Qe7 22. Ra1 a5 23. c3 Nd7 24. Na7 Re8 25. Nac6 Qf6 26. Rf1 Qg5 27. Qd3 Nxe5
28. Nxe5 f6 29. Nf3 Bf5 30. Qb5 Qe3+ 31. Kh1 Bd3 32. Qxd5+ Qe6 33. Qxe6+ Rxe6
34. Re1 Rc6 35. Nd2 b5 36. Re8+ Kf7 37. Ra8 1-0

[Event "World Youth U16 Olympiad"]
[Site "Gyor HUN"]
[Date "2014.12.19"]
[Round "8.25"]
[Board "4"]
[White "Nemeth, Balint"]
[Black "Lee, Jeeho"]
[Result "1-0"]
[WhiteElo "1560"]
[BlackElo "1162"]
[WhiteTeam "Györ (Hungary)"]
[BlackTeam "South Korea 2"]
[WhiteFideId "763837"]
[BlackFideId "13203231"]
[EventDate "2014.12.13"]
[EventType "team"]

1. e4 e5 2. Nf3 Nc6 3. Bb5 a6 4. Ba4 d6 5. d4 b5 6. Bb3 Nf6 7. dxe5 dxe5 8.
Qxd8+ Kxd8 9. Bxf7 Bb7 10. Nbd2 Nb4 11. Bb3 Bd6 12. Ng5 Ke7 13. a3 h6 14. Ngf3
Nc6 15. O-O Nd8 16. Re1 c5 17. c4 Ne6 18. cxb5 axb5 19. Nh4 Kf7 20. Nf5 Rad8 21.
Bxe6+ Kxe6 22. Nxg7+ Kf7 23. Nf5 Bc7 24. Ng3 Ba5 25. Re2 Nxe4 26. Ndxe4 Bxe4 27.
Rxe4 Rd1+ 28. Nf1 Bd2 29. Rxe5 Rxc1 30. Rxc1 Bxc1 31. Rxc5 Bxb2 32. Rxb5 Bxa3
33. h3 Bd6 34. Ne3 Re8 35. g4 Bg3 36. Nf5 1-0

[Event "World Youth U16 Olympiad"]
[Site "Gyor HUN"]
[Date "2014.12.19"]
[Round "8.26"]
[Board "1"]
[White "Taalaibekov, Tagir"]
[Black "Shi, Diwen"]
[Result "1-0"]
[BlackTitle "CM"]
[WhiteElo "2047"]
[BlackElo "2147"]
[WhiteTeam "Kyrgyzstan"]
[BlackTeam "Canada 3"]
[WhiteFideId "13801163"]
[BlackFideId "2609886"]
[EventDate "2014.12.13"]
[EventType "team"]

1. d4 Nf6 2. Nf3 e6 3. c4 Nc6 4. a3 d6 5. Nc3 g6 6. g3 Bg7 7. Bg2 O-O 8. O-O Re8
9. e4 e5 10. dxe5 Nxe5 11. Nxe5 Rxe5 12. Bf4 Re8 13. Qc2 Be6 14. c5 dxc5 15. Nb5
Nh5 16. Rfd1 Qc8 17. Nxc7 Nxf4 18. Nxe8 Nxg2 19. Nxg7 Bh3 20. Qc3 Qg4 21. f3 Qg5
22. Rd5 Qe3+ 23. Qxe3 Nxe3 24. Rxc5 Rd8 25. Re1 Nd1 26. Rd5 Rxd5 27. exd5 Nxb2
28. g4 h5 29. d6 1-0

[Event "World Youth U16 Olympiad"]
[Site "Gyor HUN"]
[Date "2014.12.19"]
[Round "8.26"]
[Board "3"]
[White "Isakzhanov, Aibek"]
[Black "Cai, Jason"]
[Result "0-1"]
[WhiteElo "1785"]
[BlackElo "1962"]
[WhiteTeam "Kyrgyzstan"]
[BlackTeam "Canada 3"]
[WhiteFideId "13802542"]
[BlackFideId "2618133"]
[EventDate "2014.12.13"]
[EventType "team"]

1. e4 c5 2. Nf3 Nc6 3. d4 cxd4 4. Nxd4 Nf6 5. Nc3 e5 6. Nb3 Bb4 7. Bc4 O-O 8.
Bg5 d6 9. O-O Bxc3 10. bxc3 h6 11. Bxf6 Qxf6 12. Bd5 Rd8 13. Qd3 Ne7 14. c4 Rb8
15. Qe3 b6 16. f4 Nxd5 17. cxd5 Re8 18. f5 Ba6 19. Rf2 Rbc8 20. a4 Rc7 21. a5 b5
22. Nc1 Qg5 23. Qa3 b4 24. Qxb4 Qe3 25. Qd2 Qxe4 26. Na2 Rb8 27. Re1 Qc4 28. c3
Rb3 29. f6 Qd3 30. Qc1 g5 31. h4 Qg6 32. hxg5 hxg5 33. Qe3 Rc5 34. Rc1 Bb5 35.
Nb4 a6 36. Qd2 Rc4 37. Rf3 Rb1 38. Rg3 Rxc1+ 39. Qxc1 Rf4 40. Qe3 g4 41. Nd3
Bxd3 42. Qxd3 Qxd3 43. Rxd3 Kh7 44. Rd2 Kg6 45. Rf2 Rc4 46. Rb2 Rxc3 47. Rb6 g3
48. Kf1 Rc2 49. Rxa6 Rf2+ 50. Ke1 Rxg2 51. Rxd6 Ra2 52. Kf1 Rxa5 53. Kg2 Ra3 54.
Rb6 Rd3 55. d6 Kxf6 56. d7+ Ke7 57. Rb5 f6 58. Rb6 Rxd7 59. Kxg3 Rd4 60. Kf3 Rd6
61. Rb5 Ke6 0-1

[Event "World Youth U16 Olympiad"]
[Site "Gyor HUN"]
[Date "2014.12.20"]
[Round "9.1"]
[Board "1"]
[White "Ghosh, Diptayan"]
[Black "Deac, Bogdan-Daniel"]
[Result "1/2-1/2"]
[WhiteTitle "IM"]
[BlackTitle "FM"]
[WhiteElo "2516"]
[BlackElo "2391"]
[WhiteTeam "India"]
[BlackTeam "Romania"]
[WhiteFideId "5045207"]
[BlackFideId "1226380"]
[EventDate "2014.12.13"]
[EventType "team"]

1. Nf3 Nf6 2. c4 e6 3. g3 a6 4. b3 b5 5. Nc3 b4 6. Na4 Bb7 7. Bg2 Be7 8. O-O O-O
9. d4 a5 10. a3 Na6 11. axb4 Nxb4 12. Ne5 Bxg2 13. Kxg2 d6 14. Nd3 d5 15. Bb2
Rb8 16. Nxb4 Bxb4 17. Qc2 Nd7 18. cxd5 exd5 19. Rfc1 Bd6 20. Bc3 Rb5 21. Bd2 Qb8
22. Rcb1 Qb7 23. Nc3 Rb4 24. e3 Ra8 25. Bc1 Nf6 26. Ba3 Rb6 27. Na4 Rc6 28. Qd3
h5 29. f3 Re8 30. Re1 Bxa3 1/2-1/2